000 01071cam a22003137a 4500
003 CHAP
005 20220329141448.0
008 971013s1988 r 00010 d
010 _a68542
011 _a69514
035 _a78991
040 _cCHAP
082 _a631.584
_bB45
100 0 0 _aBellapart Vilá, Carlos.
_911378
245 0 _aAgricultura biológica en equilibrio con la agricultura química
_b: fertilización natural, la agricultura del futuro
260 _aBarcelona :
_bAedos,
_c1988
300 _a280 p.
_b: ilus.
590 _aBATCH-UPD
_b10
_c20130110
_lUCH01
_h0752
590 _aBATCH-UPD
_b10
_c20130410
_lUCH01
_h0432
590 _aBATCH-UPD
_b10
_c20130913
_lUCH01
_h1827
590 _aCONVERSION
_b10
_c20130109
_lUCH01
_h1338
650 1 4 _aAbonos.
_9235
650 1 4 _aAgricultura orgánica.
_92005
650 1 4 _aHumus.
_956902
901 _aBK
942 _cLIBRO
949 _a631.584 B45
_bBC
_cLIBRO
_d33724000091211
_eLIBRO
_fc.2
_h77842
_i78991
_si
_t84.30
949 _a631.584 B45
_bBC
_cLIBRO
_d33724000160677
_eLIBRO
_gI.145935
_h75391
_i78991
_si
_t84.30
999 _c68542
_d68542